Oceňovanie nehnuteľností bakalárska práca

Guardado en:
Detalles Bibliográficos
Autor principal: Kudráčová, Jana
Autor Corporativo: Podnikovohospodárska fakulta EU so sídlom v Košiciach. Katedra účtovníctva a financií
Otros Autores: Výrost, Tomáš, 1978-
Formato: Libro
Lenguaje:eslovaco
Publicado: Košice 2011
Etiquetas: Agregar Etiqueta
Sin Etiquetas, Sea el primero en etiquetar este registro!

MARC

LEADER 00000nbm a2200000 4500
001 0155319
005 20120627092302.6
041 0 |a slo 
044 |a SK 
245 1 0 |a Oceňovanie nehnuteľností  |b bakalárska práca  |c Jana Kudráčová ; školiteľ: Tomáš Výrost 
264 1 |a Košice  |c 2011 
300 |a 49 s. 
100 1 |a Kudráčová, Jana 
700 1 |a Výrost, Tomáš, 1978- 
710 2 |a Podnikovohospodárska fakulta EU so sídlom v Košiciach. Katedra účtovníctva a financií